[Event "Mechanics' Fall TNM; G/2"]
[Site "San Francisco"]
[Date "2016.10.25"]
[Round "2.2"]
[White "Stearman, Josiah P"]
[Black "Reichwein, Axel"]
[Result "1-0"]
[WhiteElo "2298"]
[BlackElo "1937"]
[PlyCount "85"]
[EventDate "2016.??.??"]

1. e4 c5 2. Nc3 g6 3. g3 Nc6 4. Bg2 Bg7 5. d3 d6 6. f4 Nf6 7. Nf3 Bg4 8. h3
Bxf3 9. Qxf3 Rb8 10. g4 O-O 11. Be3 Nd4 12. Bxd4 cxd4 13. Ne2 Qa5+ 14. c3 Nd7
15. Rc1 Rbc8 16. O-O dxc3 17. bxc3 Bxc3 18. d4 Bd2 19. Rb1 Qa6 20. e5 b6 21.
Rb2 Ba5 22. exd6 exd6 23. f5 f6 24. fxg6 hxg6 25. Qd5+ Kg7 26. Qxd6 Rcd8 27.
Nf4 Nc5 28. Qe7+ Kh6 29. dxc5 Rde8 30. Qd6 Qc4 31. Re2 Rd8 32. g5+ Kxg5 33.
Ne6+ Kh6 34. Nxd8 Rxd8 35. Qxd8 Qxe2 36. Qh8+ Kg5 37. Qxf6+ Kh6 38. Qf4+ Kh7
39. Qf7+ Kh6 40. Qf8+ Kg5 41. Qf4+ Kh5 42. Bf3+ Qxf3 43. Rxf3 1-0

[Event "Mechanics' Alan Benson TNM; G/2"]
[Site "San Francisco"]
[Date "2016.09.27"]
[Round "9.3"]
[White "Stearman, Josiah P"]
[Black "Sevall, Jacob Came"]
[Result "1-0"]
[WhiteElo "2315"]
[BlackElo "2115"]
[PlyCount "23"]
[EventDate "2016.??.??"]

1. e4 d5 2. exd5 Nf6 3. Bb5+ Nbd7 4. c4 a6 5. Bxd7+ Qxd7 6. Nc3 b5 7. d3 Bb7 8.
Nf3 e6 9. O-O Bd6 10. Bg5 h6 11. Bxf6 gxf6 12. Ne4 {
and White went on to win. Remaining moves unavailable.} 1-0

[Event "Mechanics' Alan Benson TNM; G/2"]
[Site "San Francisco"]
[Date "2016.09.13"]
[Round "7.1"]
[White "Stearman, Josiah P"]
[Black "Traub, Igor Vladim"]
[Result "1-0"]
[WhiteElo "2315"]
[BlackElo "2136"]
[Annotator "Winslow,Elliott"]
[PlyCount "39"]
[EventDate "2016.??.??"]

1. e4 e5 2. Nf3 Nc6 3. Bc4 Bc5 4. O-O Nf6 5. d4 Bxd4 6. Nxd4 Nxd4 7. f4 d6 8.
fxe5 dxe5 9. Bg5 c6 10. Na3 Qb6 11. Kh1 Bg4 12. Bxf7+ Kf8 13. Bxf6 Bxd1 14.
Bxe5 Nf3 (14... Bf3 $1) 15. Nc4 Nxe5 16. Nxb6 Nxf7 17. Raxd1 Re8 18. Nc8 Kg8
19. Rd7 Rxc8 20. Rfxf7 1-0

[Event "Mechanics' Alan Benson TNM; G/2"]
[Site "San Francisco"]
[Date "2016.08.30"]
[Round "5.1"]
[White "Stearman, Josiah P"]
[Black "Tsodikova, Natalya"]
[Result "1-0"]
[WhiteElo "2315"]
[BlackElo "2195"]
[PlyCount "83"]
[EventDate "2016.??.??"]

1. e4 e5 2. Nf3 Nc6 3. Bc4 Bc5 4. O-O Nf6 5. d4 exd4 6. e5 d5 7. exf6 dxc4 8.
fxg7 Rg8 9. Bg5 Qd5 10. Re1+ Be6 11. Nc3 Qf5 12. Ne4 Be7 13. Bxe7 Kxe7 14. Nxd4
Nxd4 15. Qxd4 Rad8 16. Ng3 Qg5 17. Qxc4 Rxg7 18. Qxc7+ Rd7 19. Qc3 Rg8 20. Qa3+
Ke8 21. Qxa7 h5 22. Rad1 h4 23. Qb8+ Rd8 24. Rxd8+ Qxd8 25. Qxd8+ Kxd8 26. Ne4
Kc7 27. g3 Rg6 28. Nc3 Kc6 29. Re4 h3 30. f4 Rg8 31. Kf2 Rd8 32. Ke3 b6 33. Re5
Rg8 34. Ne2 Bg4 35. Nd4+ Kd7 36. f5 f6 37. Rd5+ Kc7 38. Ne6+ Kc6 39. c4 Ra8 40.
Kf4 Bh5 41. g4 Be8 42. Rd8 1-0

[Event "Mechanics' Fall TNM; G/2"]
[Site "San Francisco"]
[Date "2016.11.08"]
[Round "4.1"]
[White "Stearman, Josiah P"]
[Black "Viswanath Natraj, Ganesh"]
[Result "1-0"]
[WhiteElo "2298"]
[BlackElo "2132"]
[PlyCount "79"]
[EventDate "2016.??.??"]

1. e4 c5 2. Nc3 Nc6 3. g3 g6 4. Bg2 Bg7 5. d3 Rb8 6. Be3 d6 7. f4 b5 8. Qd2 b4
9. Nd1 Bd7 10. Ne2 Nf6 11. h3 O-O 12. O-O a5 13. g4 a4 14. a3 bxa3 15. Rxa3 Nb4
16. c3 Na6 17. Ng3 Qa5 18. f5 Nc7 19. Qc2 Bb5 20. c4 Bd7 21. Bd2 Qb6 22. Bc3
Nfe8 23. Bxg7 Nxg7 24. h4 f6 25. fxg6 hxg6 26. h5 g5 27. h6 Nge6 28. Nf5 Nd4
29. Qd2 Nxf5 30. exf5 Bc6 31. Bxc6 Qxc6 32. Nc3 d5 33. Qg2 Qb7 34. Qh1 Rf7 35.
Nxa4 dxc4 36. Qxb7 Rxb7 37. dxc4 Rf8 38. Re1 Kf7 39. Nxc5 Rxb2 40. Ra7 ({After
} 40. Ra7 Rc8 41. h7 Kg7 {White must be careful.} 42. Rxc7 ({If} 42. Rxe7+ Kh8
43. Raxc7 Rxc7 44. Rxc7 Rg2+ 45. Kxg2 {
is stalemate, and otherwise Black has a perpetual.}) 42... Rxc7 43. Ne6+) 1-0

[Event "Mechanics' Summer TNM; G/2"]
[Site "San Francisco"]
[Date "2016.06.28"]
[Round "6.4"]
[White "Stearman, Josiah P"]
[Black "Walters, Kevin"]
[Result "1-0"]
[WhiteElo "2231"]
[BlackElo "1886"]
[PlyCount "43"]
[EventDate "2016.??.??"]

1. e4 c5 2. Nc3 g6 3. g3 Bg7 4. Bg2 Nc6 5. d3 d6 6. Be3 Nf6 7. h3 Rb8 8. f4 Nd4
9. Nf3 Nxf3+ 10. Qxf3 Qc7 11. O-O e6 12. e5 Nd7 13. Nb5 Qc6 14. Nxd6+ Ke7 15.
Qf2 Qc7 16. g4 f6 17. Ne4 b6 18. d4 Bb7 19. Rad1 Bd5 20. Nxf6 Bxg2 21. Kxg2
Qc6+ 22. d5 1-0

[Event "Mechanics' Winter TNM; G/2"]
[Site "San Francisco"]
[Date "2016.01.19"]
[Round "3.7"]
[White "Stearman, Josiah P"]
[Black "Walters, Kevin"]
[Result "1-0"]
[WhiteElo "2203"]
[BlackElo "1678"]
[PlyCount "51"]
[EventDate "2016.??.??"]

1. e4 d5 2. exd5 Qxd5 3. Nc3 Qa5 4. d4 Nf6 5. Bc4 Bf5 6. Nf3 e6 7. Bd2 c6 8.
Nd5 Qd8 9. Nxf6+ gxf6 10. Bf4 Bd6 11. Bg3 Qc7 12. Qe2 Bg4 13. O-O-O Nd7 14. h3
Bxf3 15. Qxf3 O-O-O 16. Bh4 Bf4+ 17. Kb1 Rdf8 18. Rhe1 Kb8 19. Re4 e5 20. dxe5
fxe5 21. Be7 Ka8 22. Bxf8 Rxf8 23. g3 Bg5 24. Qf5 Nc5 25. Rxe5 Rd8 26. Rxd8+
1-0

[Event "Mechanics' Winter TNM; G/2"]
[Site "San Francisco"]
[Date "2016.02.09"]
[Round "6.1"]
[White "Stearman, Josiah P"]
[Black "Winslow, Elliott C"]
[Result "1/2-1/2"]
[WhiteElo "2203"]
[BlackElo "2311"]
[PlyCount "44"]
[EventDate "2016.??.??"]

1. e4 d6 2. d4 Nf6 3. Nc3 e5 4. dxe5 dxe5 5. Qxd8+ Kxd8 6. Bg5 Be6 7. g3 h6 8.
Bxf6+ gxf6 9. Bg2 c6 10. Nge2 Nd7 11. Rd1 Kc7 12. O-O Nb6 13. b3 a5 14. a4 Bb4
15. f4 Rad8 16. f5 Bc8 17. Rxd8 Kxd8 18. Kf2 Nd7 19. Kf3 b6 20. Na2 Be7 21. Rd1
Ba6 22. Bf1 Kc7 1/2-1/2

[Event "Mechanics' Fall TNM; G/2"]
[Site "San Francisco"]
[Date "2016.12.13"]
[Round "9.2"]
[White "Stearman, Josiah P"]
[Black "Wong, Russell"]
[Result "1-0"]
[WhiteElo "2298"]
[BlackElo "2200"]
[PlyCount "65"]
[EventDate "2016.??.??"]

1. e4 c5 2. Nc3 Nc6 3. g3 g6 4. Bg2 Bg7 5. d3 Rb8 6. Be3 b5 7. Qd2 d6 8. f4 b4
9. Nd1 Qc7 10. Ne2 Nf6 11. h3 a5 12. O-O O-O 13. g4 h5 14. g5 Nd7 15. f5 a4 16.
Nf4 Nce5 17. Nd5 Qd8 18. f6 exf6 19. gxf6 Bh8 20. Bg5 Bb7 21. N1e3 Nb6 22. Ne7+
Kh7 23. Qf2 Re8 24. Qh4 Qd7 25. N3d5 Bxd5 26. exd5 Nc8 27. Nc6 Nxc6 28. dxc6
Qc7 29. Rae1 Na7 30. Re7 Rxe7 31. fxe7 Bd4+ 32. Kh1 f5 33. Rxf5 1-0

[Event "Mechanics' Winter TNM; G/2"]
[Site "San Francisco"]
[Date "2016.01.19"]
[Round "3.21"]
[White "Stearman, Micah"]
[Black "Boldi, Ethan Vaugh"]
[Result "0-1"]
[WhiteElo "968"]
[BlackElo "1528"]
[PlyCount "52"]
[EventDate "2016.??.??"]

1. e4 e6 2. d4 d5 3. e5 c5 4. c3 Nc6 5. Nf3 Nge7 6. Bb5 Ng6 7. O-O a6 8. Bxc6+
bxc6 9. Bg5 Qb6 10. Qc2 Bd7 11. Nbd2 cxd4 12. cxd4 Rc8 13. Nb3 c5 14. Qd2 c4
15. Nc1 Bb4 16. Qd1 c3 17. bxc3 Bxc3 18. Ne2 Bxa1 19. Qxa1 O-O 20. a4 Qa5 21.
Qa3 Qxa4 22. Qd6 Bb5 23. Re1 Rc6 24. Qd7 Rc1 25. Qd6 Rxe1+ 26. Nxe1 Qd1 0-1

[Event "Mechanics' Winter TNM; G/2"]
[Site "San Francisco"]
[Date "2016.02.09"]
[Round "6.44"]
[White "Stearman, Micah"]
[Black "Weingarten, Daniel"]
[Result "1-0"]
[WhiteElo "968"]
[BlackElo "914"]
[PlyCount "23"]
[EventDate "2016.??.??"]

1. e4 c5 2. d4 cxd4 3. c3 dxc3 4. Nxc3 Nc6 5. Nf3 e5 6. Bc4 Nf6 7. O-O Be7 8.
Qb3 O-O 9. Ng5 Qe8 10. Nb5 h6 11. Nc7 Qd8 12. Nxa8 {and White went on to win.}
1-0

[Event "Mechanics' Spring TNM; G/2"]
[Site "San Francisco"]
[Date "2016.03.15"]
[Round "1.20"]
[White "Stearman, Micah Si"]
[Black "Maser, Thomas F"]
[Result "0-1"]
[WhiteElo "1083"]
[BlackElo "1932"]
[PlyCount "42"]
[EventDate "2016.??.??"]

1. e4 e5 2. Nf3 Nc6 3. Bc4 Nf6 4. Nc3 Be7 5. O-O d6 6. d3 Bg4 7. Be3 Na5 8. Bd5
c6 9. Bxf7+ Kxf7 10. b4 b5 11. bxa5 Rf8 12. h3 Bd7 13. d4 exd4 14. Bxd4 b4 15.
Ne2 Nxe4 16. Qd3 d5 17. Ne5+ Kg8 18. a3 Qe8 19. f3 Nc5 20. Bxc5 Bxc5+ 21. Kh1
Qxe5 0-1

[Event "Mechanics' Winter TNM; G/2"]
[Site "San Francisco"]
[Date "2016.01.05"]
[Round "1.25"]
[White "Stearman, Micah Si"]
[Black "Tan, Jacky T"]
[Result "0-1"]
[WhiteElo "968"]
[BlackElo "1327"]
[PlyCount "58"]
[EventDate "2016.??.??"]

1. e4 c5 2. Nf3 d6 3. Bb5+ Nd7 4. O-O a6 5. Bc4 e6 6. Nc3 Ngf6 7. Re1 b5 8. Be2
b4 9. Na4 Nxe4 10. d3 Nef6 11. Bg5 h6 12. Bh4 Be7 13. c3 a5 14. d4 bxc3 15.
bxc3 cxd4 16. cxd4 O-O 17. Bd3 Ba6 18. Bc2 Bc4 19. Nb2 Bd5 20. Qd3 Qc7 21. Bxf6
Nxf6 22. Rac1 Rfc8 23. h3 Bxa2 24. Re2 Qb7 25. Na4 Bc4 26. Qd2 Bxe2 27. Qxe2
Qc6 28. Qd3 Rab8 29. Qd2 Rb4 0-1

[Event "Mechanics' Fall TNM; G/2"]
[Site "?"]
[Date "2016.12.13"]
[Round "9.13"]
[White "Stearman, Micha"]
[Black "Nassif, Wassim"]
[Result "1/2-1/2"]
[WhiteElo "1011"]
[BlackElo "1124"]
[PlyCount "93"]
[EventDate "2016.12.14"]

1. e4 e5 2. Nf3 Nc6 3. Bb5 a6 4. Bxc6 dxc6 5. O-O Bd6 6. Nc3 Nf6 7. d4 Qe7 8.
Bg5 O-O 9. dxe5 Bxe5 10. Bxf6 Qxf6 11. Nxe5 Qxe5 12. Re1 Be6 13. Qd3 Rad8 14.
Qe3 b6 15. Rad1 c5 16. Rxd8 Rxd8 17. Rd1 Rxd1+ 18. Nxd1 Bxa2 19. Qd3 Qd6 20.
Qxd6 cxd6 21. Kf1 Bb1 22. Ne3 g6 23. Ke2 Ba2 24. b3 b5 25. Kd3 Kg7 26. Kc3 c4
27. Kb2 cxb3 28. cxb3 Bxb3 29. Kxb3 Kf8 30. Kb4 Ke7 31. Ka5 Ke6 32. Nc2 Ke5 33.
Kxa6 b4 34. Nxb4 Kxe4 35. Kb5 d5 36. Kc5 d4 37. Kc4 f5 38. f3+ Ke3 39. Nc2+ Kf2
40. g4 fxg4 41. fxg4 Kg2 42. Kxd4 Kxh2 43. Ke4 Kg3 44. Ne3 h5 45. gxh5 gxh5 46.
Nf5+ Kg4 47. Nh6+ 1/2-1/2

[Event "Mechanics' Winter TNM; G/2"]
[Site "San Francisco"]
[Date "2016.02.02"]
[Round "5.15"]
[White "Steger, Eric Alan"]
[Black "Koga, Micah"]
[Result "1-0"]
[WhiteElo "2038"]
[BlackElo "1738"]
[PlyCount "71"]
[EventDate "2016.??.??"]

1. e4 c6 2. d4 d5 3. exd5 cxd5 4. c4 e6 5. Nc3 Nf6 6. Nf3 Be7 7. Be2 O-O 8. O-O
a6 9. c5 Qc7 10. b4 Nbd7 11. Bg5 b6 12. Qd2 bxc5 13. bxc5 Bb7 14. Bf4 Qc8 15.
Rfc1 Nh5 16. Bg5 Re8 17. Bxe7 Rxe7 18. Qg5 Nhf6 19. Ne5 Qe8 20. c6 Nxe5 21.
dxe5 Ne4 22. Nxe4 dxe4 23. cxb7 Rxb7 24. Rab1 Rab8 25. Rxb7 Rxb7 26. h3 a5 27.
Ba6 h6 28. Bxb7 hxg5 29. Rc8 Qxc8 30. Bxc8 Kh7 31. Bb7 f5 32. Bc8 f4 33. Bxe6
g6 34. Bd5 e3 35. fxe3 fxe3 36. e6 1-0

[Event "Mechanics' Summer TNM; G/2"]
[Site "San Francisco"]
[Date "2016.06.21"]
[Round "5.22"]
[White "Steger, Eric Alan"]
[Black "Kondakova, Elena"]
[Result "1-0"]
[WhiteElo "2011"]
[BlackElo "978"]
[PlyCount "85"]
[EventDate "2016.??.??"]

1. e4 e5 2. Nf3 Nc6 3. Bb5 a6 4. Ba4 Nf6 5. O-O Nxe4 6. d4 b5 7. Bb3 d5 8. dxe5
Be6 9. Nc3 Nxc3 10. bxc3 Na5 11. a4 Nxb3 12. cxb3 b4 13. Bd2 Bc5 14. cxb4 Be7
15. Nd4 Bc8 16. Rc1 O-O 17. Qc2 Ra7 18. Nc6 Qd7 19. Nxa7 Bb7 20. Qxc7 Rd8 21.
Qxd7 Rxd7 22. Nc6 Rc7 23. Nxe7+ Rxe7 24. f4 f6 25. Bc3 Kf7 26. Bd4 Re6 27. Rc7+
Re7 28. Rxe7+ Kxe7 29. Rc1 Ke6 30. Rc7 Ba8 31. Ra7 Bc6 32. Rxa6 Kd7 33. exf6
gxf6 34. b5 Bb7 35. Ra7 Kc7 36. a5 Kb8 37. a6 Ba8 38. b6 f5 39. Be5+ Kc8 40.
Rxa8+ Kd7 41. b7 d4 42. b8=Q d3 43. Qd6# 1-0

[Event "Mechanics' Winter TNM; G/2"]
[Site "San Francisco"]
[Date "2016.01.12"]
[Round "2.23"]
[White "Steger, Eric Alan"]
[Black "MacIntyre, Brendan"]
[Result "1-0"]
[WhiteElo "2038"]
[BlackElo "1500"]
[PlyCount "77"]
[EventDate "2016.??.??"]

1. e4 c5 2. Nf3 Nc6 3. Bb5 g6 4. O-O Bg7 5. Re1 a6 6. Bxc6 dxc6 7. h3 Nf6 8. d3
O-O 9. Nbd2 Qc7 10. a4 b5 11. Nb3 c4 12. Nc5 Nd7 13. Nxd7 Bxd7 14. dxc4 b4 15.
Rb1 c5 16. b3 Rad8 17. Qe2 Bc6 18. Bb2 Rd7 19. Bxg7 Kxg7 20. Rbd1 Rfd8 21. Rd3
Qb7 22. Ne5 Rd6 23. Qe3 Rd4 24. Nxc6 Qxc6 25. f3 Qf6 26. Red1 e5 27. g3 Qe6 28.
Kg2 f6 29. Rxd4 cxd4 30. Qd3 Rc8 31. a5 Qd6 32. Ra1 g5 33. Qd2 Kg6 34. f4 h6
35. fxg5 hxg5 36. Qf2 Qe6 37. g4 Qd7 38. Ra4 Rxc4 39. Qf5+ 1-0

[Event "Mechanics' Spring TNM; G/2"]
[Site "San Francisco"]
[Date "2016.03.15"]
[Round "1.12"]
[White "Steger, Eric Alan"]
[Black "Simpkins, Jerry"]
[Result "0-1"]
[WhiteElo "2002"]
[BlackElo "1512"]
[PlyCount "74"]
[EventDate "2016.??.??"]

1. e4 e5 2. Nf3 Nc6 3. Bb5 d6 4. d4 Bd7 5. O-O Nf6 6. Nc3 a6 7. dxe5 Nxe5 8.
Bxd7+ Nfxd7 9. Nd4 Be7 10. f4 Nc6 11. Nxc6 bxc6 12. b3 Bf6 13. Bb2 O-O 14. Na4
Qe7 15. Qe2 Bxb2 16. Nxb2 Qf6 17. c4 Nc5 18. Rae1 Rfe8 19. e5 Qe7 20. Qf2 a5
21. Qg3 d5 22. cxd5 cxd5 23. Qe3 Ne4 24. Na4 Qb4 25. Rd1 Red8 26. f5 c6 27. f6
Re8 28. fxg7 Rxe5 29. Rc1 d4 30. Qf4 Qe7 31. Rxc6 d3 32. Nb6 Rd8 33. Nc8 Qe8
34. Rc7 f5 35. Qxe5 Qxe5 36. Ne7+ Kxg7 37. Nd5+ Kh8 0-1

[Event "Mechanics' Winter TNM; G/2"]
[Site "San Francisco"]
[Date "2016.02.16"]
[Round "7.16"]
[White "Steger, Eric Alan"]
[Black "Walters, Kevin"]
[Result "1-0"]
[WhiteElo "2038"]
[BlackElo "1678"]
[PlyCount "91"]
[EventDate "2016.??.??"]

1. e4 d5 2. exd5 Qxd5 3. Nc3 Qa5 4. d4 Nf6 5. Nf3 Bf5 6. Bc4 c6 7. O-O Nbd7 8.
Qe2 e6 9. Bd2 Qc7 10. Bg5 Be7 11. Ne5 Qb6 12. Nxd7 Nxd7 13. Bxe7 Kxe7 14. g4
Bg6 15. d5 e5 16. dxc6 bxc6 17. Rfd1 Rad8 18. Na4 Qa5 19. b3 f6 20. Bd3 Bxd3
21. Rxd3 Nb6 22. Nxb6 axb6 23. Rad1 Qa8 24. f4 Rxd3 25. Rxd3 Qxa2 26. fxe5 Qa1+
27. Kg2 fxe5 28. Re3 Kd6 29. Qd3+ Qd4 30. Qe2 Ke6 31. Rd3 Qc5 32. Re3 Rd8 33.
c4 Qd4 34. Qf3 g6 35. Qxc6+ Qd6 36. Qe4 Qd2+ 37. Kg3 Qd6 38. g5 Rf8 39. Rd3 Qc5
40. Re3 Qd6 41. Rf3 Rf5 42. h4 Qd4 43. Qc6+ Qd6 44. Qc8+ Qd7 45. Qg8+ Kd6 46.
Rd3+ 1-0

[Event "Mechanics' Fall TNM; G/2"]
[Site "San Francisco"]
[Date "2016.11.22"]
[Round "6.15"]
[White "Steigum, Erling"]
[Black "Arai, Gordon S"]
[Result "1/2-1/2"]
[WhiteElo "1936"]
[BlackElo "1737"]
[Annotator "Donaldson"]
[PlyCount "70"]
[EventDate "2016.??.??"]

1. d4 d5 2. c4 c6 3. Nf3 Nf6 4. Nc3 Bf5 $2 5. e3 $2 (5. cxd5 cxd5 (5... Nxd5 6.
Qb3) 6. Qb3 {favors White.}) 5... e6 6. Qb3 Na6 (6... Qb6) 7. a3 (7. Qxb7 Nb4
8. Ne5 $1) 7... Qb6 8. Qxb6 axb6 9. Bd2 Nb4 10. Rc1 Nd3+ 11. Bxd3 Bxd3 12. cxd5
exd5 13. Ne5 Bf5 14. O-O Bd6 15. f3 Bxe5 16. dxe5 Nd7 17. e4 dxe4 18. fxe4 Bg6
19. Bf4 Nc5 20. Rce1 Nd3 21. Re2 Nxf4 22. Rxf4 O-O 23. Rd2 Rfe8 24. Rd7 Rab8
25. Rf2 Rxe5 26. Rfd2 Kf8 27. Kf2 Re7 28. Kf3 Rxd7 29. Rxd7 Ke8 30. Rd4 b5 31.
Kf4 Rd8 32. Rxd8+ Kxd8 33. b4 Kd7 34. Ne2 Kd6 35. Nd4 f6 1/2-1/2

[Event "Mechanics' Fall TNM; G/2"]
[Site "San Francisco"]
[Date "2016.11.29"]
[Round "7.17"]
[White "Steigum, Erling"]
[Black "Handler, Andrew To"]
[Result "1-0"]
[WhiteElo "1936"]
[BlackElo "1701"]
[PlyCount "43"]
[EventDate "2016.??.??"]

1. d4 e6 2. c4 f5 3. Bf4 Nf6 4. Nc3 Bb4 5. e3 Bxc3+ 6. bxc3 d6 7. Bd3 O-O 8.
Nf3 Qe8 9. Bg3 Nc6 10. Qc2 Qg6 11. O-O Ne4 12. Nh4 Qf6 13. Bxe4 fxe4 14. Qxe4
e5 15. f4 exf4 16. Rxf4 Qd8 17. Rxf8+ Qxf8 18. Rf1 Qd8 19. Qd5+ Kh8 20. Nf3 Qg8
21. Ng5 Qxd5 22. Rf8+ 1-0

[Event "Mechanics' Fall TNM; G/2"]
[Site "San Francisco"]
[Date "2016.12.13"]
[Round "9.15"]
[White "Steigum, Erling"]
[Black "Lin, Aung Tun"]
[Result "1-0"]
[WhiteElo "1936"]
[BlackElo "1681"]
[PlyCount "69"]
[EventDate "2016.??.??"]

1. d4 Nf6 2. Nf3 e6 3. Bg5 Be7 4. c4 b6 5. Nc3 Bb7 6. Qc2 d6 7. e4 Nbd7 8.
O-O-O h6 9. Bf4 Nh5 10. Be3 c5 11. Be2 Nhf6 12. h3 a6 13. e5 Nh7 14. d5 Ng5 15.
exd6 Bf6 16. Nxg5 Bxg5 17. dxe6 Nf6 18. Bxg5 hxg5 19. Bf3 Bxf3 20. gxf3 fxe6
21. Qg6+ Kf8 22. Rhe1 Qd7 23. Ne4 Nxe4 24. Rxe4 Re8 25. Qxg5 Rxh3 26. Rf4+ Kg8
27. Rg1 Rh7 28. Qg6 e5 29. Rf6 Kh8 30. Rf7 Qa4 31. Rxg7 Qxc4+ 32. Kb1 Qd3+ 33.
Qxd3 Rxg7 34. Rh1+ Kg8 35. Qd5+ 1-0

[Event "Mechanics' Fall TNM; G/2"]
[Site "San Francisco"]
[Date "2016.11.01"]
[Round "3.23"]
[White "Steigum, Erling"]
[Black "Montoya, Daniel"]
[Result "0-1"]
[WhiteElo "1936"]
[BlackElo "1583"]
[Annotator "Donaldson"]
[PlyCount "34"]
[EventDate "2016.??.??"]

1. d4 e6 2. e3 f5 3. c4 Nf6 4. Nc3 c6 5. Bd3 d5 6. Nf3 Bd6 7. O-O Nbd7 8. cxd5
exd5 9. Bxf5 O-O 10. Qc2 Qe8 11. Bd2 Qh5 12. Bd3 $2 {Diagram [#]} (12. Ne2 $1)
12... Ng4 $1 13. h3 Rxf3 14. Bc1 Ndf6 15. gxf3 Qxh3 16. Re1 Bh2+ 17. Kh1 Qxf3#
0-1

[Event "Mechanics' Fall TNM; G/2"]
[Site "San Francisco"]
[Date "2016.11.08"]
[Round "4.25"]
[White "Steigum, Erling"]
[Black "White, Benjamin M"]
[Result "1-0"]
[WhiteElo "1936"]
[BlackElo "1040"]
[Annotator "Donaldson"]
[PlyCount "57"]
[EventDate "2016.??.??"]

1. d4 d5 2. c4 Nf6 3. cxd5 Nxd5 4. e4 $6 (4. Nf3 {
and then e4 gives White a very nice position.}) 4... Nb6 $2 (4... Nf6 5. Nc3 e5
$1) 5. Nc3 Nc6 6. d5 Ne5 7. f4 Nec4 $4 (7... Ng6) 8. Bxc4 e5 (8... Nxc4 9. Qa4+
) 9. Bb5+ Nd7 10. fxe5 Bb4 11. Nf3 O-O 12. O-O Bc5+ 13. Kh1 f5 14. Bg5 Qe8 15.
e6 fxe4 16. Ne5 Rxf1+ 17. Qxf1 c6 18. Nxd7 cxb5 19. Nxc5 b6 20. N5xe4 Bb7 21.
Nd6 Qh5 22. Nxb7 Qxg5 23. Qf7+ Kh8 24. e7 h6 25. d6 b4 26. d7 bxc3 27. e8=Q+
Rxe8 28. dxe8=Q+ Kh7 29. Qe4+ (29. Qeg8#) 1-0

[Event "Mechanics' Summer TNM; G/2"]
[Site "San Francisco"]
[Date "2016.07.12"]
[Round "8.5"]
[White "Sun, James"]
[Black "Askin, David Benja"]
[Result "1-0"]
[WhiteElo "2270"]
[BlackElo "1918"]
[Annotator "Donaldson"]
[PlyCount "105"]
[EventDate "2016.??.??"]

1. c4 Nf6 2. Nc3 d5 3. cxd5 Nxd5 4. g3 g6 5. Bg2 Nb6 6. Nf3 Bg7 7. O-O O-O 8.
d3 Nc6 9. a3 e5 10. Bd2 (10. Bg5) 10... Nd4 11. Rc1 c6 12. Ne4 Re8 13. Nc5 Nd5
14. b4 Qe7 15. Re1 Ne6 16. Nb3 Qd6 17. Na5 Nd4 18. Ng5 Rb8 19. e3 Ne6 20. Ne4
Qd8 21. Nc4 Qe7 22. Ned6 Rd8 23. Nxc8 Rbxc8 24. Qb3 Rd7 25. Red1 Rcd8 26. Be1
Kh8 27. Bd2 Ndc7 28. Bf1 Ng5 29. Bc3 Nd5 30. Bb2 h5 $2 (30... Qe6 $11) 31. h4
Nf3+ (31... Nh7 32. b5 $16) 32. Kg2 Nxh4+ (32... e4 33. Be2) 33. gxh4 Qxh4 34.
Kg1 $16 Qg4+ 35. Bg2 h4 36. Nxe5 Bxe5 37. Bxe5+ f6 38. Qc4 (38. Rc4) 38... Qh5
39. Bh2 h3 40. Bh1 Ne7 41. Qf4 Nf5 42. Bf3 Qh7 43. d4 g5 44. Qg4 Nh6 45. Qh5 g4
46. Bh1 Rg7 47. Bf4 Rg6 48. d5 cxd5 49. Rxd5 Rdg8 50. Be4 g3 51. fxg3 Rxg3+ 52.
Bxg3 Rxg3+ 53. Kf1 1-0

[Event "Mechanics' Summer TNM; G/2"]
[Site "San Francisco"]
[Date "2016.05.31"]
[Round "2.4"]
[White "Sun, James"]
[Black "Babayan, Gagik"]
[Result "1-0"]
[WhiteElo "2270"]
[BlackElo "1861"]
[PlyCount "59"]
[EventDate "2016.??.??"]

1. d4 c6 2. Nf3 d5 3. c4 e6 4. Nc3 Nf6 5. Bg5 Be7 6. e3 O-O 7. Qc2 h6 8. Bh4
Nbd7 9. O-O-O dxc4 10. Bxc4 b5 11. Bd3 Nb6 12. Ne5 Bb7 13. g4 Nbd5 14. Qe2 Nxc3
15. bxc3 Nd5 16. Bxe7 Qxe7 17. Qb2 b4 18. c4 Nc3 19. c5 Nxd1 20. Kxd1 a5 21. h4
Rfc8 22. g5 h5 23. g6 fxg6 24. Bxg6 Rf8 25. Qe2 Rf5 26. Bxf5 exf5 27. Qxh5 Qe6
28. Rg1 b3 29. Qg5 g6 30. Qh6 1-0

[Event "Mechanics' Summer TNM; G/2"]
[Site "San Francisco"]
[Date "2016.06.14"]
[Round "4.1"]
[White "Sun, James"]
[Black "Lee, Andy C"]
[Result "1-0"]
[WhiteElo "2270"]
[BlackElo "2390"]
[PlyCount "149"]
[EventDate "2016.??.??"]

1. e4 c5 2. Nf3 e6 3. d4 cxd4 4. Nxd4 a6 5. Bd3 Nf6 6. O-O e5 7. Nb3 d6 8. c4
Be7 9. Nc3 O-O 10. Kh1 Be6 11. f4 exf4 12. Bxf4 Nc6 13. Nd5 Nd7 14. Rc1 Nde5
15. Nxe7+ Qxe7 16. Be2 Rfd8 17. Nd4 Nxd4 18. Qxd4 f6 19. Rc3 Rac8 20. h3 Rc6
21. b3 Qc7 22. Rg3 Kh8 23. Bd2 Rc5 24. Qf2 Qe7 25. Be3 Rcc8 26. Rd1 Bd7 27. Bb6
Rf8 28. Qd4 Rc6 29. Ba5 Rc5 30. Bb4 Rfc8 31. Qxd6 Qxd6 32. Rxd6 R5c6 33. Rd4
Be6 34. Kh2 Re8 35. Rc3 Rcc8 36. Bd6 Nc6 37. Rd1 Rcd8 38. Rcd3 Bf7 39. Bf3 Bg6
40. Re3 Ne5 41. Ree1 Nxf3+ 42. gxf3 Kg8 43. Kg3 Kf7 44. c5 Rd7 45. b4 Kg8 46.
a4 Bf7 47. f4 Bb3 48. Ra1 Bc4 49. h4 g6 50. Kf3 Kf7 51. Ke3 f5 52. e5 Bd5 53.
Kd4 Bc6 54. Rg1 Be4 55. Kc4 Bf3 56. Rge1 Ke6 57. b5 Ra8 58. c6 bxc6 59. b6 c5
60. Kxc5 Rc8+ 61. Kd4 Rc2 62. Rec1 Rb2 63. Rab1 Ra2 64. Rc7 Bb7 65. Rbc1 Rxa4+
66. Ke3 Be4 67. Rxd7 Kxd7 68. Rc7+ Kd8 69. b7 Ra3+ 70. Kd4 Ra4+ 71. Kc3 Bxb7
72. Rxb7 Rxf4 73. e6 Rf3+ 74. Kd4 Kc8 75. Rb8# 1-0

[Event "Mechanics' Summer TNM; G/2"]
[Site "San Francisco"]
[Date "2016.06.21"]
[Round "5.1"]
[White "Sun, James"]
[Black "Winslow, Elliott C"]
[Result "0-1"]
[WhiteElo "2270"]
[BlackElo "2330"]
[Annotator "Donaldson"]
[PlyCount "102"]
[EventDate "2016.??.??"]

1. e4 c5 2. Nf3 d6 3. d4 cxd4 4. Nxd4 Nf6 5. Nc3 a6 6. Bg5 e6 7. f4 Be7 8. Qf3
h6 9. Bh4 Nbd7 10. O-O-O Qc7 11. Be2 g5 12. fxg5 Ne5 13. Qe3 Nfd7 14. Nf3 Qd8
15. Bg3 Nxf3 16. gxf3 Bxg5 17. f4 Be7 18. Kb1 Qc7 19. e5 d5 20. f5 $1 Nb6 21.
Bh5 Qc6 22. Ne2 Bc5 23. Nd4 Bxd4 24. Qxd4 $18 Bd7 25. Bh4 Rc8 26. Rc1 Rf8 27.
b3 exf5 28. e6 $1 Bxe6 29. Qf6 (29. c4 dxc4 30. Rhe1 {With the threat of Rxe6+.
}) 29... Qd6 30. Rhe1 Kd7 31. c4 $2 (31. Bg3 Qe7 32. Qe5 $18) 31... dxc4 32.
Red1 $2 Nd5 33. Qd4 cxb3 34. axb3 Rxc1+ 35. Rxc1 Rc8 36. Rxc8 Kxc8 37. Bf3 f4
38. Kb2 Kd7 39. Qh8 Kc7 40. Be4 Ne3 41. Bf6 Qd2+ 42. Ka3 Qc1+ 43. Bb2 Qc5+ 44.
Ka2 {Diagram [#]} Bxb3+ $1 45. Kxb3 Qc4+ 46. Ka3 Qxe4 47. Bc3 Nc4+ 48. Kb3 b5
49. Kb4 Nb6+ 50. Kb3 $6 (50. Bd4) (50. Ka3) 50... Qb1+ 51. Bb2 Nc4 0-1